000 00689nam a22002057a 4500
003 OSt
005 20250808063115.0
008 240527b |||||||| |||| 00| 0 eng d
020 _a9786214271702
040 _aDWC-Main Lib
_cOC
082 _aFil. 004.22 Sy995 2024
100 _aVillegas, Renato A.
245 _aSystem integration and architecture/
_cRenato A. Villegas
260 _aIntramuros, Manila, Philippines :
_bUnlimited Books Library Science,
_cc2024.
300 _aviii, 246 pages :
_billustrations ;
_c26cm.
504 _aIncludes bibliographical references.
650 _a1. System integration.
650 _a2. Computer system architecture.
942 _2ddc
_cBK - FIL
_kFil.
_n0
999 _c54
_d54